00267nam a2200121Ia 45000030006000000080041000060400015000471000016000622450029000782600009001075460012001160050017001280STCL150530s9999 xx 000 0 und d aSTCLcSTCL aButler, B.C aChurch and infallibility c1960 aEnglish20220125165411.0